[Event "HUN-chT2 Szechenyi 1314"]
[Site "Hungary"]
[Date "2013.09.08"]
[Round "1.1"]
[White "Soponyai, Tamas"]
[Black "Gutmann, Alois"]
[Result "1/2-1/2"]
[WhiteElo "2134"]
[BlackElo "2037"]
[PlyCount "47"]
[EventDate "2013.09.08"]
[EventType "team-tourn"]
[EventRounds "11"]
[EventCountry "HUN"]
[SourceTitle "EXT 2016"]
[Source "ChessBase"]
[SourceDate "2015.10.08"]
[SourceVersion "1"]
[SourceVersionDate "2015.10.08"]
[SourceQuality "1"]
[WhiteTeam "Arboretum"]
[BlackTeam "Szombathely Haladas III"]
[WhiteTeamCountry "HUN"]
[BlackTeamCountry "HUN"]

1. d4 e6 2. Nf3 f5 3. c4 b6 4. Nc3 Bb4 5. Bg5 Bxc3+ 6. bxc3 Nf6 7. e3 0-0 8. Be2 Nc6 9. 0-0 Ba6 10. Qa4 Qc8 11. Nd2 Na5 12. Bf3 Rb8 13. Rfd1 d6 14. Rab1 Qd7 15. Qxd7 Nxd7 16. Rb4 h6 17. Bh4 g5 18. Bg3 Kg7 19. h3 e5 20. dxe5 Nxe5 21. Bxe5+ dxe5 22. Nb3 e4 23. Rd7+ Kg6 24. Be2 1/2-1/2

[Event "HUN-chT2 Szechenyi 1112"]
[Site "Hungary"]
[Date "2012.05.20"]
[Round "11.1"]
[White "Nagy, Kristof"]
[Black "Soponyai, Tamas"]
[Result "1/2-1/2"]
[WhiteElo "2041"]
[BlackElo "2135"]
[PlyCount "53"]
[EventDate "2011.09.25"]
[EventType "team-tourn"]
[EventRounds "11"]
[EventCountry "HUN"]
[SourceTitle "EXT 2013"]
[Source "ChessBase"]
[SourceDate "2012.11.22"]
[SourceVersion "1"]
[SourceVersionDate "2012.11.22"]
[SourceQuality "1"]
[WhiteTeam "Zalaegerszeg"]
[BlackTeam "Arboretum"]
[WhiteTeamCountry "HUN"]
[BlackTeamCountry "HUN"]

1. e4 g6 2. d4 Bg7 3. f4 d5 4. e5 h5 5. Nf3 Bg4 6. Be2 Bxf3 7. Bxf3 e6 8. 0-0 Ne7 9. Be3 Nd7 10. Nd2 Rc8 11. c4 c6 12. Qb3 Qb6 13. cxd5 cxd5 14. Rac1 0-0 15. g4 hxg4 16. Bxg4 Qxb3 17. Nxb3 Nb6 18. Na5 Nc4 19. Nxc4 dxc4 20. Bf3 Nd5 21. Bxd5 exd5 22. f5 gxf5 23. Rxf5 Rc6 24. Rc2 Rg6+ 25. Rg2 Rxg2+ 26. Kxg2 Rc8 27. Bd2 1/2-1/2

[Event "HUN-chT2 Szechenyi 1112"]
[Site "Hungary"]
[Date "2011.09.25"]
[Round "1.1"]
[White "Soponyai, Tamas"]
[Black "Marton, Jozsef"]
[Result "0-1"]
[WhiteElo "2135"]
[BlackElo "2204"]
[PlyCount "180"]
[EventDate "2011.09.25"]
[EventType "team-tourn"]
[EventRounds "11"]
[EventCountry "HUN"]
[SourceTitle "EXT 2013"]
[Source "ChessBase"]
[SourceDate "2012.11.22"]
[SourceVersion "1"]
[SourceVersionDate "2012.11.22"]
[SourceQuality "1"]
[WhiteTeam "Arboretum"]
[BlackTeam "Ajka Banyasz"]
[WhiteTeamCountry "HUN"]
[BlackTeamCountry "HUN"]

1. d4 d5 2. Nf3 Nf6 3. g3 e6 4. Bg2 Be7 5. 0-0 0-0 6. b3 a5 7. a4 Bd7 8. Ne5 c5 9. Ba3 cxd4 10. Qxd4 Nc6 11. Nxc6 Bxc6 12. Rd1 Re8 13. e3 e5 14. Qd2 Qc7 15. Bxe7 Rxe7 16. Na3 Rd7 17. Qe2 Rad8 18. Rac1 h6 19. Nb5 Qb8 20. Bh3 Re7 21. c4 b6 22. c5 Ne4 23. cxb6 Qxb6 24. Bg2 Nf6 25. Rc2 Rb7 26. Bf1 d4 27. exd4 Bxb5 28. Qxb5 exd4 29. Rcd2 Qa7 30. Qc4 Rbd7 31. Bg2 Ng4 32. Re1 Nf6 33. Red1 Qb6 34. h3 g6 35. Rc1 Kg7 36. Qd3 Rc7 37. Rxc7 Qxc7 38. Rc2 Qe5 39. Re2 Qd6 40. Rd2 Qb4 41. Rc2 h5 42. Bc6 Rc8 43. Rc4 Qd6 44. Bb5 Rxc4 45. bxc4 h4 46. Kg2 hxg3 47. fxg3 Qe5 48. Bc6 Qc5 49. Bb5 Qe5 50. Bc6 Qd6 51. Bb5 Nh7 52. h4 Nf6 53. Kf3 Nh5 54. Kf2 Qe5 55. Bc6 f5 56. Qb3 Nf6 57. Bf3 Ne4+ 58. Bxe4 Qxe4 59. c5 d3 60. Qb2+ Kh7 61. Qd2 Qd5 62. c6 Qc5+ 63. Kf1 Qxc6 64. Qxd3 Qxa4 65. Qd6 Qc4+ 66. Kf2 Qc2+ 67. Kf3 Qe4+ 68. Kf2 a4 69. Qd7+ Kh6 70. Qd8 Qc2+ 71. Kf3 Qc6+ 72. Kf2 Kg7 73. Qe7+ Kg8 74. Kg1 Qe4 75. Qc7 Qe3+ 76. Kg2 a3 77. Qd8+ Kf7 78. Qd7+ Qe7 79. Qd5+ Qe6 80. Qb7+ Kf6 81. Qb8 Qd5+ 82. Kf2 a2 83. Qh8+ Ke6 84. Qe8+ Kd6 85. Qd8+ Kc5 86. Qa5+ Kd4 87. Qb4+ Kd3 88. Qa3+ Kc2 89. Qa4+ Qb3 90. Qc6+ Kb1 0-1

[Event "HUN-chT2 Szechenyi 0506"]
[Site "Hungary"]
[Date "2005.11.13"]
[Round "3"]
[White "Soponyai, Tamas"]
[Black "Marton, Jozsef"]
[Result "0-1"]
[WhiteElo "2184"]
[BlackElo "2215"]
[PlyCount "106"]
[EventDate "2005.10.16"]
[EventType "team"]
[EventRounds "11"]
[EventCountry "HUN"]
[SourceTitle "EXT 2009"]
[Source "ChessBase"]
[SourceDate "2008.11.26"]
[SourceVersion "1"]
[SourceVersionDate "2008.11.26"]
[SourceQuality "1"]
[WhiteTeam "Sarvar"]
[BlackTeam "Ajka Banyasz"]
[WhiteTeamCountry "HUN"]
[BlackTeamCountry "HUN"]

1. d4 d5 2. c4 e6 3. Nc3 Be7 4. Nf3 Nf6 5. Bf4 0-0 6. e3 c5 7. cxd5 exd5 8. dxc5 Bxc5 9. Bd3 Nc6 10. 0-0 Bg4 11. h3 Bh5 12. g4 Bg6 13. Bxg6 hxg6 14. Bg5 d4 15. Na4 b6 16. Nxc5 bxc5 17. Rc1 Qd5 18. Bxf6 gxf6 19. e4 Qxe4 20. Rxc5 Rac8 21. Re1 Qf4 22. Kg2 Ne5 23. Nxe5 Rxc5 24. Nd3 Qd6 25. Nxc5 Qxc5 26. a3 Qd5+ 27. Qf3 Qd6 28. Rd1 Rd8 29. Rd3 a5 30. a4 Qe5 31. b3 Kg7 32. Qd1 Rd5 33. Qf3 Qe6 34. Qf4 g5 35. Qf3 Qe5 36. Rd2 Rc5 37. Rd3 Rc1 38. Rd1 Rxd1 39. Qxd1 Qe4+ 40. Kg1 d3 41. f3 Qe3+ 42. Kf1 d2 43. Qe2 Qd4 44. Qd1 Qd3+ 45. Kf2 Kg6 46. Kg2 f5 47. Kf2 f4 48. Kg2 Kf6 49. Kf2 Ke5 50. Qe2+ Kd4 51. Qd1 Kc3 52. Qa1+ Kxb3 53. Qd1+ Kb2 0-1

[Event "HUN-chT2 Szechenyi 0405"]
[Site "Hungary"]
[Date "2004.09.26"]
[Round "1"]
[White "Soponyai, Tamas"]
[Black "Biro, Sandor"]
[Result "0-1"]
[WhiteElo "2196"]
[BlackElo "2316"]
[PlyCount "134"]
[EventDate "2004.09.26"]
[EventType "team"]
[EventRounds "11"]
[EventCountry "HUN"]
[SourceTitle "EXT 2009"]
[Source "ChessBase"]
[SourceDate "2008.11.26"]
[SourceVersion "1"]
[SourceVersionDate "2008.11.26"]
[SourceQuality "1"]
[WhiteTeam "Sarvar"]
[BlackTeam "Szentgotthard"]
[WhiteTeamCountry "HUN"]
[BlackTeamCountry "HUN"]

1. g3 e5 2. Bg2 Nf6 3. d3 d5 4. Nd2 Bc5 5. e3 0-0 6. Ne2 Nc6 7. 0-0 a5 8. c3 Re8 9. d4 Bf8 10. f4 exd4 11. exd4 Qe7 12. Bf3 Bh3 13. Rf2 Ng4 14. Bxg4 Bxg4 15. Kf1 Qe6 16. Nf3 Re7 17. Neg1 Rae8 18. Kg2 h5 19. h3 Bf5 20. Bd2 Bd3 21. Kh2 Qf6 22. Qb3 Bc4 23. Qc2 g6 24. b3 Ba6 25. h4 b6 26. Re1 Bc8 27. Rfe2 Rxe2+ 28. Rxe2 Rxe2+ 29. Nxe2 Qf5 30. Qxf5 Bxf5 31. Bc1 Nb8 32. Kg2 Nd7 33. Kf2 Nf6 34. Nd2 Ng4+ 35. Ke1 Bd3 36. Nf1 c6 37. Bb2 Bd6 38. Kd2 Ba6 39. Ke1 Bd3 40. Kd2 Ba6 41. Ke1 Kf8 42. Nd2 Ne3 43. Nf1 Nf5 44. Bc1 Ke7 45. Kf2 Ke6 46. Ne3 Nxe3 47. Kxe3 Kf5 48. Bd2 Kg4 49. Be1 Kh3 50. Ng1+ Kg2 51. Nf3 f6 52. b4 a4 53. a3 Bf8 54. Bf2 Bh6 55. Be1 Bc8 56. Bf2 Bf5 57. Ne1+ Kf1 58. Nf3 b5 59. Nd2+ Kg2 60. Nf3 Bg4 61. Ne1+ Kf1 62. Nf3 Bxf3 63. Kxf3 Bf8 64. Ke3 Be7 65. Kf3 Bd8 66. Ke3 g5 67. fxg5 fxg5 0-1

[Event "HUN-chT2 Szechenyi 0304"]
[Site "Hungary"]
[Date "2004.04.18"]
[Round "11"]
[White "Soponyai, Tamas"]
[Black "Szeles, Karoly"]
[Result "1/2-1/2"]
[WhiteElo "2203"]
[BlackElo "2285"]
[PlyCount "49"]
[EventDate "2003.09.28"]
[EventType "team"]
[EventRounds "11"]
[EventCountry "HUN"]
[SourceTitle "EXT 2009"]
[Source "ChessBase"]
[SourceDate "2008.11.26"]
[SourceVersion "1"]
[SourceVersionDate "2008.11.26"]
[SourceQuality "1"]
[WhiteTeam "Sarvar"]
[BlackTeam "Zala Volan"]
[WhiteTeamCountry "HUN"]
[BlackTeamCountry "HUN"]

1. d4 Nf6 2. Nf3 e6 3. g3 c5 4. c3 Nc6 5. Bg2 d5 6. 0-0 Bd6 7. Bg5 h6 8. Bxf6 Qxf6 9. Nbd2 0-0 10. e3 b6 11. Re1 cxd4 12. exd4 Ba6 13. Nf1 g6 14. Ne3 h5 15. Nd2 Kg7 16. Rc1 Rac8 17. f4 Qd8 18. Nf3 b5 19. b4 Bb7 20. Qd3 a6 21. h4 Rc7 22. a3 Ne7 23. Ng5 Bc8 24. Bh3 Nf5 25. Nf1 1/2-1/2

[Event "HUN-chT2 Szechenyi 0304"]
[Site "Hungary"]
[Date "2004.02.22"]
[Round "8"]
[White "Oltean, Gusztav"]
[Black "Soponyai, Tamas"]
[Result "1/2-1/2"]
[WhiteElo "2200"]
[BlackElo "2203"]
[PlyCount "56"]
[EventDate "2003.09.28"]
[EventType "team"]
[EventRounds "11"]
[EventCountry "HUN"]
[SourceTitle "EXT 2009"]
[Source "ChessBase"]
[SourceDate "2008.11.26"]
[SourceVersion "1"]
[SourceVersionDate "2008.11.26"]
[SourceQuality "1"]
[WhiteTeam "Veszprem"]
[BlackTeam "Sarvar"]
[WhiteTeamCountry "HUN"]
[BlackTeamCountry "HUN"]

1. Nf3 g6 2. d4 Bg7 3. e4 d6 4. Nc3 Bg4 5. Be3 Nc6 6. Be2 Bxf3 7. Bxf3 e5 8. dxe5 Nxe5 9. Be2 Nf6 10. f4 Nc6 11. g4 Qe7 12. Bf3 0-0-0 13. Qe2 Rhe8 14. g5 Nd7 15. Nd5 Qf8 16. 0-0-0 f5 17. exf5 gxf5 18. Qg2 Nc5 19. Bxc5 dxc5 20. c3 Na5 21. Qh3 Kb8 22. Rde1 c6 23. Ne3 Qd6 24. Bh5 Qd2+ 25. Kb1 Nc4 26. Nc2 Rxe1+ 27. Rxe1 Qxf4 28. Qg3 Nd2+ 1/2-1/2

[Event "HUN-chT2 Szechenyi 0203"]
[Site "Hungary"]
[Date "2003.04.13"]
[Round "11"]
[White "Marton, Jozsef"]
[Black "Soponyai, Tamas"]
[Result "1/2-1/2"]
[WhiteElo "2193"]
[BlackElo "2195"]
[PlyCount "85"]
[EventDate "2002.09.22"]
[EventType "team"]
[EventRounds "11"]
[EventCountry "HUN"]
[SourceTitle "EXT 2009"]
[Source "ChessBase"]
[SourceDate "2008.11.26"]
[SourceVersion "1"]
[SourceVersionDate "2008.11.26"]
[SourceQuality "1"]

1. Nf3 d5 2. b3 Nf6 3. Bb2 e6 4. e3 Be7 5. Be2 0-0 6. 0-0 c5 7. Ne5 Nc6 8. f4 Nd7 9. Nxc6 bxc6 10. d3 f5 11. Nd2 Bf6 12. Bxf6 Qxf6 13. Nf3 e5 14. d4 cxd4 15. fxe5 Nxe5 16. Qxd4 Ng4 17. h3 Qxd4 18. exd4 Ne3 19. Rf2 Bb7 20. c3 f4 21. Ne5 g5 22. Re1 Nf5 23. Nd7 Rf7 24. Bg4 Ng7 25. Nc5 Bc8 26. Bxc8 Rxc8 27. Rfe2 Rcf8 28. Ne6 f3 29. gxf3 Nxe6 30. Rxe6 Rxf3 31. R6e3 Rxe3 32. Rxe3 Kf7 33. Kf2 Re8 34. Rd3 Kf6 35. c4 h5 36. cxd5 cxd5 37. b4 Rb8 38. a3 Kf5 39. Re3 Kf4 40. Re5 Rb5 41. h4 gxh4 42. Rxh5 Kg4 43. Rh8 1/2-1/2

[Event "HUN-chT2 Szechenyi 0203"]
[Site "Hungary"]
[Date "2003.03.23"]
[Round "9"]
[White "Soponyai, Tamas"]
[Black "Sulyok, Sandor"]
[Result "0-1"]
[WhiteElo "2195"]
[BlackElo "2261"]
[PlyCount "74"]
[EventDate "2002.09.22"]
[EventType "team"]
[EventRounds "11"]
[EventCountry "HUN"]
[SourceTitle "EXT 2009"]
[Source "ChessBase"]
[SourceDate "2008.11.26"]
[SourceVersion "1"]
[SourceVersionDate "2008.11.26"]
[SourceQuality "1"]

1. d4 Nf6 2. Nf3 d5 3. Bf4 c6 4. c3 Bf5 5. e3 Qb6 6. b3 Nbd7 7. Bd3 Bxd3 8. Qxd3 Nh5 9. 0-0 e6 10. Nbd2 h6 11. b4 a5 12. a3 Be7 13. Ne5 Nxe5 14. Bxe5 0-0 15. h3 f5 16. Qe2 Nf6 17. Bxf6 Rxf6 18. f4 Qc7 19. Nb3 b6 20. bxa5 bxa5 21. a4 c5 22. Rfb1 c4 23. Nd2 Rb8 24. Rxb8+ Qxb8 25. Rb1 Qd6 26. Nf3 Qa3 27. Qc2 Rf8 28. Rb5 Ra8 29. g4 Rf8 30. Kg2 Bb4 31. cxb4 axb4 32. Kf2 b3 33. Qc3 Qa2+ 34. Nd2 Qc2 35. Qb4 c3 36. Qxb3 Qxd2+ 37. Kf3 c2 0-1

[Event "HUN-chT2 Szechenyi 0203"]
[Site "Hungary"]
[Date "2002.11.24"]
[Round "3"]
[White "Soponyai, Tamas"]
[Black "Nagy, Bence"]
[Result "1-0"]
[WhiteElo "2195"]
[BlackElo "2170"]
[PlyCount "73"]
[EventDate "2002.09.22"]
[EventType "team"]
[EventRounds "11"]
[EventCountry "HUN"]
[SourceTitle "EXT 2009"]
[Source "ChessBase"]
[SourceDate "2008.11.26"]
[SourceVersion "1"]
[SourceVersionDate "2008.11.26"]
[SourceQuality "1"]

1. d4 Nf6 2. Nf3 g6 3. Bf4 Bg7 4. e3 0-0 5. Be2 d5 6. 0-0 c6 7. c4 Nbd7 8. Nc3 Nb6 9. c5 Nbd7 10. b4 Nh5 11. Bg5 h6 12. Bh4 g5 13. Ne1 Nhf6 14. Bg3 Ne4 15. Nxe4 dxe4 16. f4 Nf6 17. Bc4 a5 18. fxg5 hxg5 19. Rb1 axb4 20. Rxb4 Nd5 21. Qh5 f6 22. h4 gxh4 23. Bxh4 e6 24. Bxd5 exd5 25. a4 Qe7 26. Bg3 Qf7 27. Qxf7+ Rxf7 28. Nc2 Kh7 29. Bf4 Bf8 30. Ra1 Kg6 31. Rb2 Rh7 32. a5 Be7 33. Nb4 Bg4 34. a6 f5 35. Rba2 bxa6 36. Nxc6 Be2 37. Rxe2 1-0

[Event "HUN-chT2 Szechenyi 0203"]
[Site "Hungary"]
[Date "2002.09.22"]
[Round "1"]
[White "Soponyai, Tamas"]
[Black "Hegedus, Gyula"]
[Result "1/2-1/2"]
[WhiteElo "2195"]
[BlackElo "2096"]
[PlyCount "70"]
[EventDate "2002.09.22"]
[EventType "team"]
[EventRounds "11"]
[EventCountry "HUN"]
[SourceTitle "EXT 2009"]
[Source "ChessBase"]
[SourceDate "2008.11.26"]
[SourceVersion "1"]
[SourceVersionDate "2008.11.26"]
[SourceQuality "1"]

1. d4 d5 2. c4 Nc6 3. Nc3 Nf6 4. cxd5 Nxd5 5. e4 Nxc3 6. bxc3 e5 7. d5 Nb8 8. Nf3 Bd6 9. Bg5 Be7 10. Be3 Nd7 11. Bb5 0-0 12. 0-0 Bd6 13. c4 Qe7 14. Bxd7 Bxd7 15. c5 Bxc5 16. Bxc5 Qxc5 17. Nxe5 Rad8 18. Rc1 Qe7 19. Nxd7 Rxd7 20. Qa4 a6 21. Rc3 Rfd8 22. Re3 Qc5 23. Qb3 Qb5 24. Qc3 c6 25. dxc6 bxc6 26. g3 h6 27. Qc1 Rd2 28. a3 c5 29. Rc3 Qb2 30. Re3 Qb5 31. Rc3 Qe2 32. Qe1 Qh5 33. Qe3 Re2 34. Qxc5 Qxc5 35. Rxc5 Rxe4 1/2-1/2

[Event "HUN-chT3 0102"]
[Site "Hungary"]
[Date "2002.03.24"]
[Round "9"]
[White "Velickovic, Zoran"]
[Black "Soponyai, Tamas"]
[Result "1/2-1/2"]
[WhiteElo "2335"]
[BlackElo "2195"]
[PlyCount "59"]
[EventDate "2001.09.30"]
[EventType "team"]
[EventRounds "11"]
[EventCountry "HUN"]
[SourceTitle "EXT 2004"]
[Source "ChessBase"]
[SourceDate "2003.11.25"]
[SourceVersion "1"]
[SourceVersionDate "2003.11.25"]
[SourceQuality "1"]

1. Nf3 g6 2. g3 Bg7 3. d4 d5 4. Bg2 Nf6 5. c4 c6 6. 0-0 0-0 7. b3 Bf5 8. Bb2 Be4 9. Nbd2 Nbd7 10. Nxe4 Nxe4 11. Qc2 e6 12. Rad1 Qc7 13. Ne1 f5 14. Nd3 Rae8 15. f3 Nef6 16. Rfe1 Kh8 17. e4 dxe4 18. fxe4 fxe4 19. Nf2 e5 20. Nxe4 Nxe4 21. Qxe4 Nf6 22. Qh4 exd4 23. Bxd4 a6 24. Bf3 Ng8 25. Rf1 Rf5 26. b4 Ref8 27. Bg2 Rxf1+ 28. Rxf1 Rxf1+ 29. Bxf1 Qd6 30. Be2 1/2-1/2

[Event "HUN-chT3 0102"]
[Site "Hungary"]
[Date "2002.01.13"]
[Round "5.2"]
[White "Nagy, Bence"]
[Black "Soponyai, Tamas"]
[Result "1-0"]
[WhiteElo "2161"]
[BlackElo "2195"]
[PlyCount "85"]
[EventDate "2001.09.30"]
[EventType "team"]
[EventRounds "11"]
[EventCountry "HUN"]
[SourceTitle "EXT 2004"]
[Source "ChessBase"]
[SourceDate "2003.11.25"]
[SourceVersion "1"]
[SourceVersionDate "2003.11.25"]
[SourceQuality "1"]

1. e4 g6 2. d4 Bg7 3. Nc3 c6 4. h4 d5 5. e5 h5 6. Nf3 Nh6 7. Be2 Bg4 8. Ng5 Bxe2 9. Qxe2 e6 10. Be3 Nd7 11. Rh3 b5 12. f3 Nf5 13. g4 Nxe3 14. Qxe3 Qe7 15. Ne2 Nb6 16. b3 hxg4 17. fxg4 Bh6 18. Rf3 Bxg5 19. hxg5 Rh1+ 20. Ng1 0-0-0 21. 0-0-0 Rdh8 22. Rdf1 R8h7 23. Kb2 Kd7 24. Qc3 R1h2 25. Nh3 Rg2 26. Qa5 Ke8 27. Qc3 Kd7 28. Qa5 Nc8 29. Nf4 Rxg4 30. Nxg6 Qe8 31. Nh8 f5 32. gxf6 Qxh8 33. f7 Qf8 34. Qa6 Kc7 35. Rc3 Kb8 36. Qxc6 Rh8 37. Qc7+ Ka8 38. Qc6+ Kb8 39. Qc7+ Ka8 40. Rc6 Rg6 41. Rh1 Rgh6 42. Rxh6 Qxh6 43. Qxc8+ 1-0

[Event "HUN-chT3 9900"]
[Site "Hungary"]
[Date "2000.01.23"]
[Round "6"]
[White "Soponyai, Tamas"]
[Black "Bodo, Norbert"]
[Result "1/2-1/2"]
[WhiteElo "2195"]
[BlackElo "2256"]
[PlyCount "103"]
[EventDate "1999.09.26"]
[EventType "team"]
[EventRounds "11"]
[EventCountry "HUN"]
[SourceTitle "EXT 2002"]
[Source "ChessBase"]
[SourceDate "2001.11.25"]
[SourceVersion "1"]
[SourceVersionDate "2001.11.25"]
[SourceQuality "1"]

1. d4 e6 2. Nf3 c5 3. g3 Nc6 4. Bg2 Qb6 5. dxc5 Bxc5 6. 0-0 Nf6 7. e3 0-0 8. b3 Be7 9. Bb2 Qc7 10. c4 Rd8 11. Nc3 b6 12. Ng5 Bb7 13. Qb1 h6 14. Nge4 Nxe4 15. Qxe4 a6 16. f4 Rab8 17. Rad1 Nb4 18. Qb1 Bxg2 19. Kxg2 b5 20. cxb5 axb5 21. f5 Bf6 22. Rc1 Qb7+ 23. Kh3 Re8 24. e4 exf5 25. Rxf5 Bxc3 26. Bxc3 Qxe4 27. Qxe4 Rxe4 28. Bxb4 Rxb4 29. Rd5 Re4 30. Rxd7 Re2 31. Rcc7 Rf2 32. Rb7 Rc8 33. Rbc7 Re8 34. Re7 Ra8 35. Ra7 Rxa7 36. Rxa7 f5 37. Rb7 g5 38. g4 f4 39. Rxb5 Rxa2 40. Rb8+ Kg7 41. Rb7+ Kf8 42. Rb6 Rb2 43. Rxh6 Rxb3+ 44. Kg2 Rb2+ 45. Kf3 Kg7 46. Rh5 Kf6 47. h4 Rb3+ 48. Kf2 gxh4 49. Rf5+ Kg6 50. Rxf4 Kg5 51. Ra4 Rg3 52. Rb4 1/2-1/2

[Event "HUN-chT3 9899"]
[Site "Hungary"]
[Date "1999.04.25"]
[Round "11"]
[White "Bodo, Norbert"]
[Black "Soponyai, Tamas"]
[Result "0-1"]
[WhiteElo "2256"]
[BlackElo "2195"]
[PlyCount "44"]
[EventDate "1998.09.??"]
[EventType "team"]
[EventRounds "11"]
[EventCountry "HUN"]
[SourceTitle "EXT 2001"]
[Source "ChessBase"]
[SourceDate "2000.11.22"]
[SourceVersion "1"]
[SourceVersionDate "2000.11.22"]
[SourceQuality "1"]

1. c4 g6 2. Nc3 Bg7 3. g3 c5 4. Bg2 Nc6 5. e3 d6 6. Nge2 e5 7. 0-0 Nge7 8. d4 exd4 9. exd4 cxd4 10. Nb5 Nf5 11. Bxc6+ bxc6 12. Nbxd4 0-0 13. Re1 Nxd4 14. Nxd4 Bb7 15. Be3 Re8 16. Qf3 Qd7 17. c5 Re5 18. Nb3 Rae8 19. Rad1 d5 20. Nc1 Ba6 21. Ne2 R8e7 22. Rd2 Qe8 0-1

[Event "HUN-chT 9798"]
[Site "Hungary"]
[Date "1998.??.??"]
[Round "?"]
[White "Grabics, Monika"]
[Black "Soponyai, Tamas"]
[Result "1-0"]
[WhiteElo "2255"]
[BlackElo "2150"]
[PlyCount "89"]
[EventDate "1997.??.??"]
[EventType "team"]
[EventRounds "12"]
[EventCountry "HUN"]
[SourceTitle "EXT 2000"]
[Source "ChessBase"]
[SourceDate "1999.11.16"]
[SourceVersion "1"]
[SourceVersionDate "1999.11.16"]
[SourceQuality "1"]

1. e4 g6 2. d4 Bg7 3. Nc3 c6 4. Be3 d6 5. Qd2 Nd7 6. f3 b5 7. g4 Nb6 8. b3 a5 9. h4 h5 10. g5 d5 11. Bg2 Ra7 12. e5 a4 13. Nge2 e6 14. 0-0 Ne7 15. Bh3 Bf8 16. Nf4 Nf5 17. Bxf5 exf5 18. Nce2 Be6 19. Nc1 Be7 20. Ncd3 Qa8 21. Qe2 Nd7 22. Rac1 Ba3 23. Rb1 Be7 24. Bd2 Rc7 25. Bb4 Bxb4 26. Nxb4 0-0 27. c4 dxc4 28. Nxe6 fxe6 29. bxc4 Qa7 30. Nc2 Rb8 31. Kg2 Rcb7 32. cxb5 Rxb5 33. Rxb5 cxb5 34. d5 exd5 35. e6 Nc5 36. Nd4 Re8 37. Qxb5 Qe7 38. Re1 Kf8 39. Nc6 Qd6 40. Qb2 d4 41. Qxd4 Qxc6 42. Qf6+ Kg8 43. Qxg6+ Kh8 44. Qf6+ Kg8 45. Qf7+ 1-0

[Event "HUN-chT 9798"]
[Site "Hungary"]
[Date "1998.??.??"]
[Round "?"]
[White "Soponyai, Tamas"]
[Black "Majzik, Levente"]
[Result "1/2-1/2"]
[WhiteElo "2150"]
[BlackElo "2260"]
[PlyCount "87"]
[EventDate "1997.??.??"]
[EventType "team"]
[EventRounds "12"]
[EventCountry "HUN"]
[SourceTitle "EXT 2000"]
[Source "ChessBase"]
[SourceDate "1999.11.16"]
[SourceVersion "1"]
[SourceVersionDate "1999.11.16"]
[SourceQuality "1"]

1. d4 Nf6 2. Nf3 b5 3. g3 Bb7 4. Bg2 e6 5. 0-0 Be7 6. Re1 c5 7. c3 0-0 8. Bg5 cxd4 9. cxd4 h6 10. Bxf6 Bxf6 11. Qd3 a6 12. Nbd2 Nc6 13. Ne4 Nb4 14. Nxf6+ Qxf6 15. Qd2 Qe7 16. a3 Nd5 17. Rac1 Rac8 18. Rxc8 Rxc8 19. Rc1 Qd8 20. Ne5 d6 21. Nd3 Rxc1+ 22. Qxc1 Qb6 23. e3 Nf6 24. Nb4 Kf8 25. h3 Ke8 26. Bxb7 Qxb7 27. Qc6+ Qxc6 28. Nxc6 Nd7 29. Kf1 Nb6 30. b3 f5 31. Ke2 g5 32. g4 Nd5 33. Kd3 Nf6 34. f3 Nd5 35. Nb4 Nxb4+ 36. axb4 d5 37. Kc3 Kf7 38. Kd3 Kf6 39. Ke2 Ke7 40. Kd3 Kd6 41. Kc3 Kc6 42. Kd3 Kb6 43. Kd2 a5 44. bxa5+ 1/2-1/2

[Event "Oberwart op"]
[Site "Oberwart"]
[Date "1997.07.09"]
[Round "5"]
[White "Lendwai, Reinhard"]
[Black "Soponyai, Tamas"]
[Result "1-0"]
[WhiteElo "2385"]
[BlackElo "2150"]
[PlyCount "79"]
[EventDate "1997.07.05"]
[EventType "swiss"]
[EventRounds "9"]
[EventCountry "AUT"]
[SourceTitle "EXT 1999"]
[Source "ChessBase"]
[SourceDate "1998.11.16"]
[SourceVersion "1"]
[SourceVersionDate "1998.11.16"]
[SourceQuality "1"]

1. e4 g6 2. d4 Bg7 3. Nc3 c6 4. Nf3 d6 5. Be2 Nd7 6. 0-0 Ngf6 7. Re1 0-0 8. a4 e5 9. Bg5 h6 10. Bh4 g5 11. Bg3 Nh5 12. dxe5 Nxg3 13. hxg3 dxe5 14. Nd2 Nc5 15. Nc4 Be6 16. Ne3 Qc7 17. Bg4 Rad8 18. Qe2 Rd4 19. Bf5 Qd7 20. Qh5 Rd8 21. Kh2 a5 22. Rh1 Nxe4 23. Bxe4 f5 24. Bd3 e4 25. Be2 Bf7 26. Qh3 Be6 27. Rad1 Qf7 28. Qh5 Qf6 29. Rxd4 Rxd4 30. Qe8+ Kh7 31. Rd1 c5 32. Ncd5 Qe5 33. Bh5 Bg8 34. Ne7 Qe6 35. Bg6+ Kh8 36. Rxd4 cxd4 37. N3xf5 d3 38. cxd3 exd3 39. Qd8 Bf6 40. Qxg8+ 1-0

[Event "HUN-chT 9697"]
[Site "Hungary"]
[Date "1997.??.??"]
[Round "8"]
[White "Bodo, Norbert"]
[Black "Soponyai, Tamas"]
[Result "0-1"]
[WhiteElo "2255"]
[BlackElo "2095"]
[PlyCount "52"]
[EventDate "1996.??.??"]
[EventType "team"]
[EventRounds "12"]
[EventCountry "HUN"]
[SourceTitle "EXT 2006"]
[Source "ChessBase"]
[SourceDate "2005.11.24"]
[SourceVersion "1"]
[SourceVersionDate "2005.11.24"]
[SourceQuality "1"]
[WhiteTeam "Nagykanizsa"]
[BlackTeam "Haladas"]
[WhiteTeamCountry "HUN"]
[BlackTeamCountry "HUN"]

1. c4 g6 2. g3 Bg7 3. Bg2 c6 4. Nf3 d5 5. cxd5 cxd5 6. 0-0 Nf6 7. d4 0-0 8. b4 Ne4 9. a3 Nd7 10. Re1 Nb6 11. a4 Bf5 12. e3 Rc8 13. a5 Nc4 14. Nbd2 Nc3 15. Qb3 Nb5 16. Bf1 Nbd6 17. Nh4 Bg4 18. Ng2 e5 19. dxe5 Nxe5 20. Bb2 Ndc4 21. Nxc4 dxc4 22. Qc2 c3 23. Ba3 Nf3+ 24. Kh1 Nxe1 25. Nxe1 Qd2 26. f3 Bxf3+ 0-1

[Event "HUN-chT 9697"]
[Site "Hungary"]
[Date "1997.??.??"]
[Round "14"]
[White "Morvay, Miklos"]
[Black "Soponyai, Tamas"]
[Result "1/2-1/2"]
[WhiteElo "2255"]
[BlackElo "2095"]
[PlyCount "83"]
[EventDate "1996.??.??"]
[EventType "team"]
[EventRounds "12"]
[EventCountry "HUN"]
[SourceTitle "EXT 2006"]
[Source "ChessBase"]
[SourceDate "2005.11.24"]
[SourceVersion "1"]
[SourceVersionDate "2005.11.24"]
[SourceQuality "1"]
[WhiteTeam "Postas"]
[BlackTeam "Haladas"]
[WhiteTeamCountry "HUN"]
[BlackTeamCountry "HUN"]

1. e4 g6 2. d4 Bg7 3. Nc3 c6 4. Bc4 d6 5. f4 Qb6 6. Nf3 e6 7. Bb3 d5 8. e5 h5 9. Be3 Ne7 10. g3 Nd7 11. Qd2 Qa5 12. Qf2 b5 13. h3 Qb6 14. Qg1 a5 15. a3 Ba6 16. g4 b4 17. axb4 axb4 18. Ne2 Ra7 19. Nc1 Bb5 20. Rxa7 Qxa7 21. Kf2 Bf8 22. Kg2 c5 23. dxc5 Nc6 24. Nd3 hxg4 25. hxg4 Rxh1 26. Kxh1 Bxd3 27. cxd3 Nxc5 28. Qc1 Kd7 29. Bxc5 Bxc5 30. Qc2 Nd4 31. Ba4+ Ke7 32. Nxd4 Bxd4 33. Qc6 Kf8 34. Qd6+ Kg7 35. Qxb4 Bxb2 36. Qxb2 Qxa4 37. Qd2 Qd4 38. Kg2 Qa4 39. Kf3 Qb3 40. Kg3 Qa4 41. Kh4 Qa1 42. d4 1/2-1/2